书目信息 |
| 题名: |
大型赛事服务平台即时构造方法研究
|
|
| 作者: | 马龙龙 , 杨大勇 著 | |
| 分册: | ||
| 出版信息: | 北京 清华大学出版社 2010 |
|
| 页数: | 170页 | |
| 开本: | 24cm | |
| 丛书名: | ||
| 单 册: | ||
| 中图分类: | G808.22 | |
| 科图分类: | ||
| 主题词: | 运动竞赛--组织管理 , 运动竞赛 , 组织管理 | |
| 电子资源: | ||
| ISBN: | 978-7-302-22836-3 | |
| 000 | 01310nam0 2200289 45 | |
| 001 | 1130195562 | |
| 005 | 20110309092204.39 | |
| 010 | @a978-7-302-22836-3@dCNY38.00 | |
| 100 | @a20110123d2010 ekmy0chiy0120 ea | |
| 101 | 0 | @achi |
| 102 | @aCN@b110000 | |
| 105 | @ay z 000yy | |
| 106 | @ar | |
| 200 | 1 | @a大型赛事服务平台即时构造方法研究@ADa Xing Sai Shi Fu Wu Ping Tai Ji Shi Gou Zao Fang Fa Yan Jiu@dA study on convergent approach for construction of the big sports event service platform@f马龙龙,杨大勇著@FMa Long Long, Yang Da Yong Zhu@zeng |
| 210 | @a北京@c清华大学出版社@d2010 | |
| 215 | @a170页@d24cm | |
| 300 | @a国家自然科学基金项目成果 | |
| 330 | @a本书借助中国人民大学资深的服务经济研究团队2008年北京奥运会特许商品的零售体系与定价机制、奥运餐饮与住宿资源的调研与协调、奥运赛事资源的选择与配置三个科研项目研究的经验,以服务经济创新为视角,提出了一种以服务单元的动态联盟为中心、面向大型赛事服务需求的服务定制界面模式。 | |
| 510 | 1 | @aStudy on convergent approach for construction of the big sports event service platform@zeng |
| 606 | 0 | @a运动竞赛@x组织管理 |
| 606 | 0 | @a运动竞赛 |
| 606 | 0 | @a组织管理 |
| 690 | @aG808.22@v4 | |
| 701 | 0 | @a马龙龙@AMa Long Long@4著 |
| 701 | 0 | @a杨大勇@AYang Da Yong@4著 |
| 801 | 0 | @aCN@bTANGWEI@c20110309 |
| 905 | @b0530360-64@dG808.22@e420@f5 | |
| 大型赛事服务平台即时构造方法研究=A study on convergent approach for construction of the big sports event service platform/马龙龙,杨大勇著.-北京:清华大学出版社,2010 |
| 170页;24cm |
| 国家自然科学基金项目成果 |
| ISBN 978-7-302-22836-3:CNY38.00 |
| 本书借助中国人民大学资深的服务经济研究团队2008年北京奥运会特许商品的零售体系与定价机制、奥运餐饮与住宿资源的调研与协调、奥运赛事资源的选择与配置三个科研项目研究的经验,以服务经济创新为视角,提出了一种以服务单元的动态联盟为中心、面向大型赛事服务需求的服务定制界面模式。 |
| ● |
| 相关链接 |
|
|
|
|
正题名:大型赛事服务平台即时构造方法研究
索取号:G808.22/420
 
预约/预借
| 序号 | 登录号 | 条形码 | 馆藏地/架位号 | 状态 | 备注 |
| 1 | 0530360 | 205303606 | 第一样本阅览室/ [索取号:G808.22/420] | 在馆 | |
| 2 | 0530361 | 205303615 | 第四借阅区/ [索取号:G808.22/420] | 在馆 | |
| 3 | 0530362 | 205303624 | 第四借阅区/ [索取号:G808.22/420] | 在馆 | |
| 4 | 0530363 | 205303633 | 第四借阅区/ [索取号:G808.22/420] | 在馆 | |
| 5 | 0530364 | 205303642 | 密集书库-体育系/ [索取号:G808.22/420] | 在馆 |